000 04086nas1a22003971 4500
001 RU\NLR\INFOCOMM17\1000358875
005 20250807185513.0
035 _a(NLR Aleph) 002498059
090 _a880
_c880
100 _a20031224c1935 u y0rusy50 ca
101 0 _arus
102 _aRU
110 _azyu||||0|y0
200 1 _aСборник трудов
_fБрянский ин-т трансп.машиностроения
207 1 _aВып.[1]-
210 _aМ.
_cМашгиз
_d1935-
430 0 _12001#$aЗаписки БМИ
430 0 _12001#$aТруды Орджоникидзеградского машиностроительного института
430 0 _12001#$aТруды Бежицкого института транспортного машиностроения
430 0 _12001#$aТруды Брянского института транспортного машиностроения
440 0 _12001#$aТруды Института
440 0 _12001#$aТруды БИТМ
710 0 2 _aБрянский институт транспортного машиностроения
_4070
801 1 _aRU
_bInfoComm
_c20031224
801 0 _aRU
_bNLR
_gPSBO
852 _aNLR
_jП10/880
942 _cSE
945 _aРоссийская национальная библиотека
980 _aNB
980 _aBV
980 _aRUSPER